000 00407nam a22001457a 4500
020 _a978-1-407104-19-5
082 _a823
_bDEA/G
100 _aDEARY, TERRY
245 _aHORRIBLE HISTORIES : GORGEOUS GEORGIANS
246 _aHORRIBLE HISTORIES : GORGEOUS GEORGIANS
_bHORRIBLE HISTORIES : GORGEOUS GEORGIANS
260 _aLONDON
_bSCHOLASTIC
_c1994
300 _a125
650 _aENGLISHSTORIES
942 _cBK
999 _c2091
_d2091